01071nam0a22002171 4500001001000000005001700010035002600027100004100053101000800094102000700102105001800109200037300127210003700500215002100537320005900558702007900617712009800696801001800794801002200812852001900834rc\50726320260406152428.0 a(NLR Aleph) 005747783 a20030616d1987 |||y0rusy50 ca0 arus aRU ay |||||||||1 aГосударственно-правовое строительство Таджикской ССР на современном этапеe[Сб. ст.]fАН ТаджССР, Ин-т истории им. А. Дониша, Тадж. респ. правл. Сов. ассоц. полит. наукgОтв. ред. Б.И. Искандаров, С.А. Раджабов aДушанбеcДонишd1987 a289, [3] с.d20 aБиблиогр. в примеч. в конце ст. 1aИскандаровbБ.И.gБуходор Искандарович434002aИнститут истории им. А. ДонишаcДушанбе3RU\NLR\AUTH\889927875 0aRUbNLRgpsbo 1aRUbELAR2rusmarc aNLRj88-3/4212